00900nam a22002657a 45000010005000000030006000050050017000110080041000280200018000690400029000870500013001160820012001291000021001412450037001622500054001992600037002533000044002905050008003345200177003425210020005195210020005396500024005596500020005837000031006035492FISKH20241212120142.0241212b cb ||||| |||| 00| 0 eng d a9780439613835 aFISKHbengcFISKHdFISKH aPZ7.R982 a808.899 aRylant, Cynthia  aMissing May /cby Cynthia Rylant aFirst Scholastic paperback printing, October 2003 aNew York : bScholastic ;c1992. a89 pages : billustrations ; c20 cm .  aZ  aAfter the death of the beloved aunt who has raised her, twelve-year-old Summer and her uncle Ob leave their West Virginia trailer in search of the strength to go on living.8 a980 bLexile 8 aZ bRaz-Plus  afriendshipvFiction afamilyvFiction aMcDormand, FranceseEdtior